[Event "HSG/BUE-ch"]
[Site "Hamburg"]
[Date "2003.12.05"]
[Round "17"]
[White "Klimanek, Rainer"]
[Black "Eusch, Johann"]
[Result "1/2-1/2"]
[WhiteElo "1563"]
[BlackElo "1583"]
[PlyCount "106"]
[EventDate "2003.07.04"]
[EventType "swiss"]
[EventRounds "18"]
[EventCountry "GER"]
[SourceTitle "EXT 2009"]
[Source "ChessBase"]
[SourceDate "2008.11.26"]
[SourceVersion "1"]
[SourceVersionDate "2008.11.26"]
[SourceQuality "1"]

1. Nf3 d5 2. d4 e6 3. c4 c6 4. c5 Nf6 5. Bg5 Nbd7 6. Nc3 Be7 7. e3 0-0 8. Bd3 h6 9. Bh4 Re8 10. 0-0 b6 11. b4 bxc5 12. bxc5 a5 13. Rb1 Ba6 14. Bxa6 Rxa6 15. Qd3 Ra7 16. a4 Qc8 17. Rb3 Qa8 18. Rfb1 Rb8 19. Rxb8+ Nxb8 20. Ne5 Rb7 21. Rxb7 Qxb7 22. Qb1 Qxb1+ 23. Nxb1 g5 24. Bg3 Nfd7 25. Nd2 Nxe5 26. Bxe5 Na6 27. Nb3 Bd8 28. Kf1 f6 29. Bd6 Nb4 30. Ke2 Kf7 31. Bb8 Ke7 32. Ba7 Kd7 33. Bb6 Bxb6 34. cxb6 Na6 35. Nxa5 c5 36. Nb3 cxd4 37. Nxd4 e5 38. Nb3 Kc6 39. a5 Kb5 40. Kd2 f5 41. Kc3 Kc6 42. f4 gxf4 43. exf4 d4+ 44. Kc4 d3 45. fxe5 Nc5 46. Nxc5 d2 47. b7 d1Q 48. b8Q Qd5+ 49. Kc3 Qxc5+ 50. Kd3 Qd5+ 51. Ke3 Qe4+ 52. Kf2 Qf4+ 53. Ke2 Qe4+ 1/2-1/2